• 首页
  • 本馆介绍
  • 公告通知
  • 最新文献
  • 馆藏检索
  • 电子资源
  • 读者导购
  • 参考咨询
  • 我的图书馆
  • 登录
  • 详细信息显示
  • 放入我的书架
  • 预约/预借图书
  • 作者相关作品
  • 分类相关作品
  • 丛书相关作品
  • 出版社相关作品

书目信息

  • 表格格式
  • 工作单格式
  • 卡片格式
题名:
玩转科技制作
    
 
作者: 贾鹏飞 , 胡小方 著
分册:  
出版信息: 天津   天津科学技术出版社  2019.01
页数: 305页
开本: 24cm
丛书名:
单 册:
中图分类: N33-49
科图分类:
主题词: 科学技术--ke xue ji shu--制作--普及读物
电子资源:
ISBN: 978-7-5576-5820-5
000 00880nam0 2200241 450
001 0106081910
005 20201106082047.0
010    @a978-7-5576-5820-5@dCNY78.00
100    @a20190508d2019 em y0chiy50 ea
101 0  @achi
102    @aCN@b120000
105    @aa z 000yy
106    @ar
200 1  @a玩转科技制作@Awan zhuan ke ji zhi zuo@f贾鹏飞, 胡小方著
210    @a天津@c天津科学技术出版社@d2019.01
215    @a305页@c图@d24cm
330    @a本书作为一本指导性工具书,为有志于科技创新者提供了应掌握的专业知识、所需要具备的专业技能和应采用的专业方法,其间剖析了大量的科技作品从产生点子到作品成型的演变过程,为科技实践提供具体而翔实的参照。
606 0  @a科学技术@Ake xue ji shu@x制作@j普及读物
690    @aN33-49@v5
701  0 @a贾鹏飞@Ajia peng fei@4著
701  0 @a胡小方@Ahu xiao fang@4著
801  0 @aCN@bBJSZM@c20201106
905    @b1194248-51@dN33-49@e142@f4
    
    玩转科技制作/贾鹏飞, 胡小方著.-天津:天津科学技术出版社,2019.01
    305页:图;24cm
    
    
    ISBN 978-7-5576-5820-5:CNY78.00
    本书作为一本指导性工具书,为有志于科技创新者提供了应掌握的专业知识、所需要具备的专业技能和应采用的专业方法,其间剖析了大量的科技作品从产生点子到作品成型的演变过程,为科技实践提供具体而翔实的参照。
●
相关链接 在E读中查询图书 在五车中查询图书 在当当中查询图书 在豆瓣中查询图书


正题名:玩转科技制作     索取号:N33-49/142         预约/预借

序号 登录号 条形码 馆藏地/架位号 状态 备注
1 1194248   211942488   第二样本阅览室/ [索取号:N33-49/142] 在馆    
2 1194249   211942497   第三借阅区/ [索取号:N33-49/142] 在馆    
3 1194250   211942503   第三借阅区/ [索取号:N33-49/142] 在馆    
4 1194251   211942512   第三借阅区/ [索取号:N33-49/142] 在馆    
唐山师范学院图书馆 欢迎您!
大连网信软件有限公司© 版权所有